|
|
|
|
| LEADER |
01714nam a2200457 a 4500 |
| 001 |
000603406 |
| 003 |
CZ BrMZK |
| 005 |
20060808131355.0 |
| 007 |
ta |
| 008 |
020530s2002 xr f cze d |
| 015 |
|
|
|a cnb001093749
|
| 020 |
|
|
|a 80-85905-94-9
|q (DharmaGaia)
|
| 020 |
|
|
|a 80-7035-224-8
|q (Národní galerie v Praze)
|
| 035 |
|
|
|a (OCoLC)51189704
|
| 040 |
|
|
|a BOA001
|c ze
|d BOA001
|
| 043 |
|
|
|a e-xr---
|b e-xr-pg
|a ae-----
|2 czenas
|
| 072 |
|
7 |
|a 75
|x Malířství
|2 Konspekt
|9 21
|
| 080 |
|
|
|a 72/76:069.5
|2 MRF
|
| 080 |
|
|
|a 75.021.33
|2 MRF
|
| 080 |
|
|
|a 582.542.11
|2 MRF
|
| 080 |
|
|
|a 7.04
|2 MRF
|
| 080 |
|
|
|a (5-11)
|2 MRF
|
| 080 |
|
|
|a (437.311)
|2 MRF
|
| 080 |
|
|
|a (048.8)
|2 MRF
|
| 080 |
|
|
|a (084.11)
|2 MRF
|
| 100 |
1 |
|
|a Hájek, Lubor,
|d 1921-2000
|7 jk01033069
|4 aut
|
| 245 |
1 |
0 |
|a Bambusy v tušové malbě :
|b ze Sbírky orientálního umění Národní galerie v Praze /
|c Lubor Hájek
|
| 260 |
|
|
|a Praha :
|b DharmaGaia :
|b Národní galerie v Praze,
|c 2002
|
| 300 |
|
|
|a 122 s. :
|b il. (některé barev.), portréty ;
|c 28 cm
|
| 504 |
|
|
|a Obsahuje bibliografii
|
| 650 |
0 |
7 |
|a umělecké sbírky
|7 ph135222
|z Česko
|2 czenas
|
| 650 |
0 |
7 |
|a malba tuší
|7 ph122578
|z Asie východní
|y 11.-20. stol.
|2 czenas
|
| 650 |
0 |
7 |
|a bambus
|7 ph118747
|2 czenas
|
| 650 |
0 |
7 |
|a umělecké náměty
|7 ph138227
|2 czenas
|
| 655 |
|
7 |
|a studie
|7 fd133597
|2 czenas
|
| 655 |
|
7 |
|a obrazové publikace
|7 fd132947
|2 czenas
|
| 610 |
2 |
7 |
|a Národní galerie (Praha, Česko).
|b Sbírka orientálního umění
|7 ola2002113649
|2 czenas
|
| 651 |
|
7 |
|a Praha (Česko)
|7 ge118011
|2 czenas
|
| 910 |
|
|
|a BOA001
|b 3-1101.730
|
| 990 |
|
|
|a BK
|
| 996 |
6 |
|
|b 2610161974
|c 3-1101.730
|l MZK
|r Sklad / do 1 hodiny
|n 0
|p p.v.
|w 000603406
|u 000010
|a 1
|e BOA001
|j MZK50
|s P
|